000 00649nas a2200229 4500
001 BR9600582
003 BR-BrBNA
005 20231205095659.0
007 ta
008 230509b bl.|||p| |||| 00| 00por d
040 _aBR-BrBNA
_bpor
_cBiblioteca Nacional de Agricultura
041 _a(Pt)
072 _aH20
100 1 _aAndrade, E.R. de
100 1 _aDucroquet, J.P.H.J.
245 1 _aBacteriose em ameixeira
650 _aAmeixa
650 _aMancha Bacteriana
773 0 _tAgropecuaria Catarinense (Brazil)
_xISSN 0103-0779
_g(Dec 1995), v. 8(4) p. 9-11
_wBR9600582
909 _a202311
_bLúcia
_c55
_dLúcia Elande
942 _2AGRIS
_n0
_cANA
999 _c152097
_d152097